000 00285nam a22001217a 4500
040 _cHS
082 _a639
100 _aHORVATH
245 _aThe artificial propagation of warm-water finfishes a manual for extension
260 _aRome
_bHORVATH
_c1980
300 _a181p;
942 _cEK
999 _c10205
_d10205